000
00212 a2200097 4500
001
11817
100
_a
Salisbury, H
245
_a
Stalin's Russia and Affer
260
_a
_b
Macmillan & Co
_c
090
_c
9073
_d
9073
942
_a
NUST-CAE
_c
M
_c
35904
999
_c
246890
_d
246890